Die 20 erfolgreichsten Horrorfilmreihen - Statistiken

Allgemein
  • Dieses Quiz wurde 47 mal gespielt
  • Das Durchschnittsergebnis liegt bei 6 aus 20
Antwortstatistiken
Rang Reihe Einnahmen Anzahl % Korrekt
4 Saw 1,1 Milliarden 10
79%
8 Scream 909 Millionen 6
72%
12 Halloween 836 Millionen 13
67%
20 Nightmare 459 Millionen 9
60%
1 Conjuring-Universum 2,9 Milliarden 10
58%
2 Alien 1,6 Milliarden 8
35%
5 Final Destination 983 Millionen 6
35%
10 Scary Movie 897 Millionen 5
35%
15 Insidious 731 Millionen 5
26%
13 Der weiße Hai 804 Millionen 4
23%
16 Der Exorzist 726 Millionen 6
21%
11 Paranormal Activity 891 Millionen 6
21%
19 Ring-Trilogie 496 Millionen 3
21%
6 Predator 935 Millionen 9 (7 im Kino)
19%
3 Resident Evil 1,2 Milliarden 6
14%
7 Hannibal 924 Millionen 5
12%
9 A Quiet Place 900 Millionen 3
2%
18 The Purge 534 Millionen 5
2%
17 Underworld 541 Millionen 5
2%
14 Unbreakable 774 Millionen 3
0%
Keine übereinstimmenden Quizze gefunden
Verteilung der Resultate
Anzahl Personen mit jedem Resultat
Perzentil nach korrekt beantworteten Fragen
Ihre Resultats-Entwicklung
Sie haben dieses Quiz noch nicht gespielt